[Event "Olympiad Women 2024"]
[Site "Budapest HUN"]
[Date "2024.09.11"]
[Round "1.7"]
[Board "1"]
[White "Fataliyeva, Ulviyya"]
[Black "Granados Ortiz, Maria Jose"]
[Result "1-0"]
[WhiteElo "2378"]
[BlackElo "1935"]
[PlyCount "35"]
[EventDate "2024.09.11"]
[WhiteTeam "Azerbaijan"]
[BlackTeam "Nicaragua"]
[WhiteTeamCountry "AZE"]
[BlackTeamCountry "NCA"]

1. d4 d5 2. Bf4 Bf5 3. Nc3 e6 4. Nf3 Nf6 5. e3 Bd6 6. Ne5 O-O ({RR} 6... Nbd7 7. Bd3 Bxd3 8. cxd3 O-O 9. O-O a6 10. e4 Be7 11. Qb3 Nxe5 12. Bxe5 b5 13. exd5 exd5 14. Rac1 c6 15. Nd1 Rc8 16. Ne3 Re8 17. Rc2 Nd7 18. Rfc1 Bg5 19. Rxc6 Rxc6 20. Rxc6 Nxe5 21. dxe5 {0-1 Bortnyk,O (2605)-Firouzja,A (2785) Titled Tue 2nd May Early 2023 (10)}) 7. g4 Bg6 ({RR} 7... Bxe5 8. dxe5 Nxg4 9. Rg1 Qh4 10. Bg3 Qe7 11. Bf4 Qh4 12. Bg3 Qe7 13. Bf4 Qb4 14. a3 Qxb2 15. Na4 Qxc2 16. Qxc2 Bxc2 17. Rxg4 h5 18. Rg3 Bxa4 19. Bh6 g6 20. Bxf8 Kxf8 21. Rc1 c6 22. e4 {0-1 Sabirov,R (2123)-Lain,L (2236) 51st Sparkassen Open A 2024 (9.30)}) 8. h4 Ne4 $146 ({RR} 8... h5 9. Nxg6 fxg6 10. Bxd6 cxd6 11. gxh5 gxh5 12. Be2 Nc6 13. Bxh5 Nxh5 14. Qxh5 Qf6 15. f4 Rac8 16. O-O-O Ne7 17. Rdg1 Nf5 18. Qf3 Rc7 19. h5 Rfc8 20. Rg6 Qf7 21. Kd2 Rxc3 22. bxc3 Qc7 23. Rd1 {0-1 Eilers,S (2300)-Cardozo,C (2043) Titled Tue 30th May Late 2023 (5)}) ({RR} 8... h5 9. Nxg6 fxg6 10. Bxd6 Qxd6 11. gxh5 gxh5 12. Be2 c5 13. Qd2 Nc6 14. O-O-O Rac8 15. Rhg1 Ne4 16. Nxe4 dxe4 17. Bxh5 cxd4 18. exd4 Qf4 19. Bg4 Rce8 20. Qxf4 Rxf4 21. Rg2 Rf6 22. c3 Kf7 23. Bxe6+ {1-0 Buksa,N (2405)-Shapiro,V (2192) Titled Tue 28th Feb Early 2023 (6)}) 9. Nxe4 Bxe4 10. f3 f6 11. fxe4 fxe5 12. dxe5 Be7 13. g5 c6 14. Qg4 Qd7 15. O-O-O Bc5 16. Bd3 Qe7 17. exd5 cxd5 18. Bxh7+ 1-0

[Event "Olympiad Women 2024"]
[Site "Budapest HUN"]
[Date "2024.09.11"]
[Round "1.7"]
[Board "2"]
[White "Martinez Orozco, Cristiana Yorlene"]
[Black "Beydullayeva, Govhar"]
[Result "0-1"]
[WhiteElo "1761"]
[BlackElo "2395"]
[PlyCount "62"]
[EventDate "2024.09.11"]
[WhiteTeam "Nicaragua"]
[BlackTeam "Azerbaijan"]
[WhiteTeamCountry "NCA"]
[BlackTeamCountry "AZE"]

1. d4 Nf6 2. c4 e6 3. Nf3 d5 4. Nc3 c6 5. e3 Nbd7 6. Qc2 Bd6 7. Bd3 O-O 8. O-O dxc4 9. Bxc4 b5 10. Be2 Bb7 11. a3 Re8 ({RR} 11... a5 12. e4 e5 13. Rd1 Qc7 14. g3 Rfe8 15. dxe5 Nxe5 16. Bg5 Nxf3+ 17. Bxf3 Be5 18. Bxf6 gxf6 19. Bg4 Rad8 20. Bf5 Bc8 21. Bxc8 Qxc8 22. Ne2 a4 23. f4 Bb8 24. Kg2 Ba7 25. h3 h5 26. f5 {½-½ Nakamura,H (2787)-Giri,A (2785) Bilbao Masters 9th 2016 (4)}) 12. Rd1 ({RR} 12. e4 e5 13. Bg5 h6 14. Bh4 a6 15. Rad1 Qc7 16. dxe5 Nxe5 17. Bxf6 gxf6 18. Nd4 Ng6 19. g3 Bf8 20. Nf5 Rad8 21. Bf3 a5 22. Nxb5 Qe5 23. Nc3 Ba6 24. Rfe1 Kh7 25. Qb3 Qe6 26. Qxe6 fxe6 {0-1 Cervantes Landeiro,T (2184)-Przybylski,W (2308) Titled Tue 12th Dec Late 2023 (10)}) 12... Qe7 13. Bd2 $146 ({RR} 13. Ng5 Rac8 14. Bf3 e5 15. Bd2 Bb8 16. Qf5 h6 17. Nge4 c5 18. dxc5 Nxe4 19. Bxe4 Bxe4 20. Nxe4 Nxc5 21. Bb4 Qe6 22. Qxe6 Nxe6 23. Rd5 a6 24. Rad1 Red8 25. Rxd8+ Nxd8 26. Nc5 a5 27. Bxa5 Rxc5 {1-0 Povse,M (1983)-Zorko,J (2114) SLO-chT1 East 2017 (5)}) 13... a6 14. Rac1 e5 15. Be1 e4 16. Nd2 c5 17. dxc5 Nxc5 18. Nf1 Rac8 19. b4 Ncd7 20. Qb3 Ne5 21. Ng3 g6 22. a4 Nd3 23. Bxd3 exd3 24. axb5 axb5 25. Bd2 h5 26. f3 h4 27. Nf1 h3 28. Re1 hxg2 29. Kxg2 Rxc3 30. Rxc3 Ne4 31. fxe4 Qxe4+ 0-1

[Event "Olympiad Women 2024"]
[Site "Budapest HUN"]
[Date "2024.09.11"]
[Round "1.7"]
[Board "3"]
[White "Balajayeva, Khanim"]
[Black "Cabezas Calero, Abigail Carolina"]
[Result "1-0"]
[WhiteElo "2384"]
[BlackElo "1824"]
[PlyCount "67"]
[EventDate "2024.09.11"]
[WhiteTeam "Azerbaijan"]
[BlackTeam "Nicaragua"]
[WhiteTeamCountry "AZE"]
[BlackTeamCountry "NCA"]

1. e4 e6 2. d4 d5 3. Nc3 Nf6 4. e5 Nfd7 5. f4 a6 6. Nf3 c5 7. Be3 Nc6 8. Ne2 Be7 ({RR} 8... Qb6 9. Qc1 Be7 10. c3 O-O 11. g3 f6 12. Bg2 cxd4 13. cxd4 Qa5+ 14. Nc3 Nb6 15. exf6 Bxf6 16. b3 Bd7 17. O-O Rac8 18. Qd2 Be7 19. Ne2 Qxd2 20. Bxd2 Rc7 21. Rac1 Rfc8 22. f5 Ba3 23. Rce1 {1-0 Caruana,F (2764)-Carlsen,M (2853) 11th Norway Chess 2023 (1.1)}) 9. c3 b5 10. h4 ({RR} 10. a3 b4 11. axb4 cxb4 12. Ng3 Nb6 13. Bd3 g6 14. h4 h5 15. Ng5 a5 16. Qb1 Rg8 17. O-O Ba6 18. f5 gxf5 19. Nxh5 Bxd3 20. Qxd3 Nc4 21. Bc1 bxc3 22. bxc3 Kd7 23. g4 Kc7 24. Nf6 Bxf6 {1-0 Xu,Z (1872)-Hua,Z (1706) ch-CHN Personal GpB m 2024 (7.24)}) 10... Bb7 11. h5 $146 ({RR} 11. Ng3 Qb6 12. Bd3 cxd4 13. cxd4 f5 14. Ng5 Nd8 15. Nh5 g6 16. g4 Nf8 17. Nf6+ Bxf6 18. exf6 Nf7 19. h5 Nd7 20. Nxf7 Kxf7 21. g5 e5 22. Bc2 e4 23. Kf2 Rag8 24. Rh3 Qd8 25. Qh1 Ke6 {1-0 Aryan,C (2627)-Karthik,R (2327) Abu Dhabi Masters 28th 2022 (1)}) 11... cxd4 12. Nexd4 Bc5 13. Nxc6 Bxc6 14. Nd4 Bxd4 15. Bxd4 Qe7 16. Qg4 f6 17. h6 fxe5 18. hxg7 Rg8 19. Rh6 Nf6 20. Rxf6 Qxf6 21. Bxe5 Qg6 22. Qh3 Qe4+ 23. Kf2 Qc2+ 24. Kg1 Qf5 25. Qe3 Qf7 26. Bd3 Bd7 27. Qd4 Qh5 28. Rf1 Rc8 29. Rf3 Rc4 30. Bxc4 bxc4 31. f5 Qg5 32. Bf6 Qc1+ 33. Rf1 Qc2 34. Qc5 1-0

[Event "Olympiad Women 2024"]
[Site "Budapest HUN"]
[Date "2024.09.11"]
[Round "1.7"]
[Board "4"]
[White "Munoz Cortez, Anahi Alexandra"]
[Black "Mammadova, Gulnar"]
[Result "0-1"]
[WhiteElo "1868"]
[BlackElo "2336"]
[PlyCount "54"]
[EventDate "2024.09.11"]
[WhiteTeam "Nicaragua"]
[BlackTeam "Azerbaijan"]
[WhiteTeamCountry "NCA"]
[BlackTeamCountry "AZE"]

1. e4 e5 2. Nf3 Nc6 3. Bc4 Nf6 4. Ng5 d5 5. exd5 Na5 6. Bb5+ c6 7. dxc6 bxc6 8. Qf3 cxb5 9. Qxa8 Be7 10. O-O h6 11. Ne4 Qd7 12. Nxf6+ gxf6 13. Qe4 Rg8 14. f3 Bc5+ 15. Kh1 $146 ({RR} 15. d4 Bxd4+ 16. Be3 Qh3 17. Rf2 Bb7 18. Qh7 Rxg2+ 19. Rxg2 Bxe3+ 20. Kh1 Qxf3 21. Qg8+ Ke7 22. Nc3 Bg5 23. Rag1 Qf2 24. Qb8 Bxg2+ 25. Rxg2 Qf1+ 26. Rg1 Qf3+ 27. Rg2 Qf1+ 28. Rg1 Qf3+ 29. Rg2 Qf1+ {½-½ Yu,Y (2709)-Ding,L (2791) Lindores Abbey Final 8 rapid 2020 (1.24)}) 15... Rxg2 16. Qh4 Rg4 17. Qxh6 Qf5 18. d4 Bb7 19. Nd2 Bxd4 20. h3 Rg6 21. Qh4 Qxc2 22. Rb1 Bxf3+ 23. Rxf3 Qd1+ 24. Rf1 Rg1+ 25. Kh2 Qe2+ 26. Rf2 Bxf2 27. Qe4 Be3+ 0-1

[Event "Olympiad Women 2024"]
[Site "Budapest HUN"]
[Date "2024.09.11"]
[Round "1.8"]
[Board "1"]
[White "Fuad Kamel Jamaliah, Natalie"]
[Black "Tokhirjonova, Gulrukhbegim"]
[Result "0-1"]
[WhiteElo "2003"]
[BlackElo "2380"]
[PlyCount "114"]
[EventDate "2024.09.11"]
[WhiteTeam "Jordan"]
[BlackTeam "United States of America"]
[WhiteTeamCountry "JOR"]

1. d4 d5 2. Bf4 Nf6 3. e3 e6 4. Nf3 c5 5. c3 Nc6 6. Nbd2 Nh5 7. Bg3 Nxg3 8. hxg3 Bd6 ({RR} 8... Bd7 9. a3 cxd4 10. cxd4 Bd6 11. Rc1 Rc8 12. Nb3 b6 13. Ba6 Rc7 14. Nbd2 f5 15. Nb1 O-O 16. Nc3 Na5 17. Ne5 Be8 18. b4 Bxe5 19. dxe5 Nc4 20. Bxc4 Rxc4 21. Ne2 Re4 22. Qc2 Rxe5 23. Qc7 {0-1 Fernandez,D (2498)-Saric,I (2674) 23rd ch-EUR Indiv 2023 (8.35)}) 9. Qc2 ({RR} 9. Bd3 h6 10. Qe2 c4 11. Bc2 b5 12. e4 Qe7 13. e5 Bc7 14. O-O b4 15. Nh2 bxc3 16. bxc3 Ba5 17. Ba4 Bd7 18. Rac1 Qa3 19. Bxc6 Bxc6 20. Nb1 Qe7 21. Qg4 O-O 22. f4 Rab8 23. f5 exf5 {0-1 Hernandez,A (1976)-Minko,D (2247) Titled Tue 12th Mar Early 2024 (6)}) 9... h6 10. O-O-O $146 ({RR} 10. e4 dxe4 11. dxc5 exf3 12. cxd6 fxg2 13. Bxg2 Qxd6 14. O-O-O O-O 15. Ne4 Qe7 16. g4 f5 17. gxf5 exf5 18. Ng3 Qg5+ 19. Kb1 Be6 20. Rhe1 Bf7 21. Bd5 Bxd5 22. Rxd5 Rad8 23. Rxf5 Rxf5 24. Nxf5 Rd2 {0-1 Zapp,H-Peiter,A Oberliga Sued W 9394 1993}) ({RR} 10. b3 Bd7 11. c4 cxd4 12. exd4 Qf6 13. Qb2 O-O 14. Be2 dxc4 15. Nxc4 Bb4+ 16. Ncd2 Rac8 17. O-O Nxd4 18. Qxd4 Qxd4 19. Nxd4 Bxd2 20. Rfd1 Bc3 21. Rab1 Bxd4 22. Rxd4 Bc6 23. Rc1 Bd5 24. Rdd1 Rfd8 {0-1 Kealar,I (1310)-Bardis,H (2015) GRE-ch U18 23rd 2020 (1)}) 10... cxd4 11. exd4 Bd7 12. Kb1 Rc8 13. Re1 Be7 14. Bb5 Qb6 15. Bxc6 bxc6 16. Ne5 c5 17. Nxd7 Kxd7 18. Nf3 Bf6 19. dxc5 Rxc5 20. Ne5+ Ke7 21. Qb3 Rb8 22. Qxb6 Rxb6 23. Ka1 d4 24. Nd3 Rc7 25. cxd4 Bxd4 26. Re2 Rd7 27. Kb1 Rb5 28. Rc1 a5 29. Rec2 e5 30. Nc5 Rc7 31. Ne4 Rcb7 32. Rc7+ Rxc7 33. Rxc7+ Ke6 34. Rc2 f5 35. Nc3 Rc5 36. Nd1 Rd5 37. a3 e4 38. Re2 g5 39. g4 fxg4 40. Rxe4+ Kf5 41. Re8 h5 42. Kc2 Kg6 43. Re4 Rd7 44. Re6+ Kf5 45. Ra6 Ra7 46. Rd6 Be5 47. Rd8 Rc7+ 48. Kd3 Rb7 49. Kc2 Ke6 50. Rg8 Bf6 51. Ra8 h4 52. Ra6+ Kf7 53. Ne3 h3 54. gxh3 gxh3 55. Ng4 Bg7 56. Rxa5 Rxb2+ 57. Kc1 Kg6 0-1

[Event "Olympiad Women 2024"]
[Site "Budapest HUN"]
[Date "2024.09.11"]
[Round "1.8"]
[Board "2"]
[White "Yip, Carissa"]
[Black "Serina Arafat"]
[Result "1-0"]
[WhiteElo "2386"]
[BlackElo "1552"]
[PlyCount "43"]
[EventDate "2024.09.11"]
[WhiteTeam "United States of America"]
[BlackTeam "Jordan"]
[BlackTeamCountry "JOR"]

1. Nf3 d5 2. g3 Nf6 3. Bg2 e6 4. O-O Be7 5. c4 b6 ({RR} 5... d4 6. e3 c5 7. exd4 cxd4 8. d3 Nc6 9. Re1 O-O 10. b3 Re8 11. Ba3 h6 12. Bxe7 Rxe7 13. a3 e5 14. b4 Qc7 15. Nbd2 Bf5 16. Qc2 Rd8 17. c5 Nd5 18. Ne4 Bxe4 19. Rxe4 Nc3 20. Ree1 {½-½ Maghsoodloo,P (2688)-Le,Q (2714) Asian Continental op 17th 2018 (8)}) 6. Qa4+ ({RR} 6. b3 Bb7 7. Bb2 Nbd7 8. d3 c5 9. Nbd2 d4 10. e3 e5 11. Re1 O-O 12. Qc2 Qc7 13. Re2 Rad8 14. exd4 cxd4 15. Rae1 Bd6 16. a3 a5 17. h3 Rfe8 18. Kh2 Re7 19. Nxd4 Bxg2 20. Kxg2 Nc5 {0-1 Buchholz,M (1713)-Ragios,K (1968) EU-ch Amateur Online Final 1700/2000 rapid 2021 (2)}) 6... Qd7 $146 ({RR} 6... c6 7. d4 O-O 8. Ne5 b5 9. cxb5 cxb5 10. Qb3 Qb6 11. Nc3 b4 12. Na4 Qxd4 13. Bf4 a5 14. Rfd1 Qa7 15. Rac1 Ba6 16. e4 d4 17. Nxf7 Kxf7 18. Rc7 Be2 19. Rd2 Qa6 20. e5 Nfd7 21. Bb7 {1-0 Retamozo,H (2144)-Aliaga Salinas,R (1966) Lima Morales Memorial op 2nd 2012 (7)}) ({RR} 6... c6 7. d4 O-O 8. Nc3 Bb7 9. Rd1 a6 10. Bg5 b5 11. cxb5 cxb5 12. Qc2 Nbd7 13. Bxf6 Nxf6 14. Rac1 Rc8 15. Qb3 Qa5 16. a3 Rc7 17. Na2 Rfc8 18. e3 Ne4 19. Bf1 Nd6 20. Rxc7 Rxc7 21. Rc1 {½-½ Brito Garcia,A (2312)-Gonzalez Intelangelo,G (2008) Canarias-chT 2012 (1.1)}) 7. Qc2 Bb7 8. Ne5 Qd8 9. d4 O-O 10. Rd1 Nbd7 11. cxd5 exd5 12. Nc3 c6 13. Qf5 Nxe5 14. dxe5 Nd7 15. e4 Bc8 16. exd5 Nc5 17. Qh5 Qd7 18. dxc6 Qc7 19. Nd5 Qd8 20. Nf6+ Bxf6 21. Rxd8 Rxd8 22. c7 1-0

[Event "Olympiad Women 2024"]
[Site "Budapest HUN"]
[Date "2024.09.11"]
[Round "1.8"]
[Board "3"]
[White "Jeda Helal"]
[Black "Krush, Irina"]
[Result "0-1"]
[WhiteElo "1569"]
[BlackElo "2396"]
[PlyCount "70"]
[EventDate "2024.09.11"]
[WhiteTeam "Jordan"]
[BlackTeam "United States of America"]
[WhiteTeamCountry "JOR"]

1. e4 c5 2. Nf3 e6 3. d4 cxd4 4. Nxd4 a6 5. c4 Nf6 6. Nc3 Qc7 7. Bd2 ({RR} 7. Qc2 Bc5 8. Nb3 Ba7 9. Bg5 d6 10. Rd1 Nbd7 11. Qd2 O-O 12. Qxd6 Qxd6 13. Rxd6 Ng4 14. Be2 Bxf2+ 15. Kf1 f5 16. exf5 Nde5 17. h3 Be3 18. Bh4 Nh6 19. g4 exf5 20. Be7 Re8 21. Nd5 Nef7 {1-0 Ivanisevic,I (2530)-Krakops,M (2522) Olympiad-34 Istanbul 2000 (12.2)}) 7... Nc6 8. Be3 $146 ({RR} 8. Nxc6 bxc6 9. Be2 Be7 10. O-O d6 11. Be3 e5 12. f3 O-O 13. Rc1 Rb8 14. Qd2 Rd8 15. b3 Be6 16. Nd5 Qb7 17. Nxe7+ Qxe7 18. Qa5 d5 19. cxd5 cxd5 20. Rc7 Rd7 21. Rxd7 Qxd7 22. Rd1 Qc6 {1-0 Rocha,J (2203)-Cardoso,M (1863) Juiz de Fora op 2014 (4)}) ({RR} 8. Nf3 d6 9. Be2 Be7 10. Qc2 O-O 11. O-O Ne5 12. Nxe5 dxe5 13. Rad1 Bd7 14. Qd3 Bc6 15. Qg3 Nxe4 16. Nxe4 Bxe4 17. Bh6 Bg6 18. Bd2 Rfd8 19. Bc3 Bd6 20. Rfe1 e4 21. Qh4 Bc5 22. Bh5 Rxd1 {0-1 Horn,C (1133)-Koehler,I (1934) Wch U18 Girls 2018 (3)}) 8... Bb4 9. Bd3 Nxd4 10. Bxd4 e5 11. Be3 Bxc3+ 12. bxc3 d6 13. f3 O-O 14. Rb1 Be6 15. Qd2 Bxc4 16. Bxc4 Qxc4 17. Rxb7 d5 18. Rb4 Qc6 19. Rb6 Qd7 20. Qf2 Rab8 21. O-O Rxb6 22. Bxb6 dxe4 23. fxe4 Nxe4 24. Qe3 Qd5 25. Re1 f5 26. g4 Nd2 27. c4 Nxc4 28. Qc5 Qe6 29. Ba5 Rc8 30. Qb4 Qd5 31. Bb6 Nd2 32. Re3 Rc1+ 33. Kf2 f4 34. Re1 Qf3+ 35. Kg1 Rxe1# 0-1

[Event "Olympiad Women 2024"]
[Site "Budapest HUN"]
[Date "2024.09.11"]
[Round "1.8"]
[Board "4"]
[White "Zatonskih, Anna"]
[Black "Ruba Al-Qudah"]
[Result "1-0"]
[WhiteElo "2320"]
[BlackElo "1937"]
[PlyCount "91"]
[EventDate "2024.09.11"]
[WhiteTeam "United States of America"]
[BlackTeam "Jordan"]
[BlackTeamCountry "JOR"]

1. d4 {ChessBase II} Nf6 2. c4 g6 3. Nc3 Bg7 4. e4 d6 5. Nf3 O-O 6. Be2 c5 7. O-O cxd4 8. Nxd4 Nc6 9. Be3 Bd7 10. Qd2 Rc8 ({RR} 10... Nxd4 11. Bxd4 Bc6 12. f3) 11. f3 Ne5 12. b3 a6 13. Rac1 Ne8 ({RR} 13... Bc6 14. Rfd1 h5 15. h3 Ned7 16. b4 Nb8 17. a4 Bd7 18. b5 Be6 19. Nxe6 fxe6 20. e5 dxe5 21. Qa2 Qc7 22. c5 Rcd8 23. Qxe6+ Kh7 24. c6 bxc6 25. b6 Qb7 26. a5 c5 27. Bxc5 Nc6 28. Bd3 {1-0 Karpov,A (2679)-Safiye,Y (2291) Damascus m 15' rapid 2001 (2)}) 14. Nd5 Nc6 ({RR} 14... e6 15. Nc3 f5 16. Rfd1 Nf7 17. Nc2 h5 18. exf5 gxf5 19. c5 Kh7 20. Ne1 d5 21. Nxd5 exd5 22. Qxd5 Nf6 23. Qxb7 Qe7 24. Nc2 Bh6 25. Bxh6 Kxh6 26. Nd4 Rxc5 27. Rxc5 Qxc5 28. Qxa6 Ne5 29. Kf1 {0-1 Goncalves,M (1832)-Rodrigues Mota,R (1695) Rio Negrinho Froebel op 2021 (4)}) 15. Nc2 Be6 16. Rfe1 $146 ({RR} 16. Nb6 Rb8 17. Rfd1 Nc7 18. Nd5 Bxd5 19. cxd5 Ne5 20. Qb4 ({RR} 20. Nd4) 20... Nd7 21. Ba7 Rc8 22. Qxb7 Nb5 23. Bxb5 axb5 24. Nb4 Rxc1 25. Rxc1 Qa5 26. Nc6 Qd2 27. Rf1 Nc5 28. Qxb5 Nd3 29. a4 ({RR} 29. Nxe7+) 29... Bh6 30. Nxe7+ Kg7 {0-1 Weill,R-Mariette,C FRA-ch50 Dijon 1975 (4)}) ({RR} 16. Bb6 Qd7 17. Nce3) ({RR} 16. b4 Bxd5 17. exd5 Ne5 18. Nd4 Nc7 19. Rc2 Qd7 20. Rb1 b5 21. cxb5 axb5 22. Nb3 Qf5 23. Rbc1 Qd7 24. f4 Nc4 25. Bxc4 bxc4 26. Rxc4 Nb5 27. Nd4 Nxd4 28. Bxd4 Bxd4+ 29. Qxd4 Rxc4 30. Qxc4 Qa7+ {1-0 Serefidou,D (1927)-Fisher,M Wch U16 Girls 2012 (1.46)}) 16... f5 17. exf5 Bxf5 18. Bf1 e6 19. Bg5 Nf6 20. Nxf6+ Bxf6 21. Bxf6 Rxf6 22. Bd3 Bxd3 23. Qxd3 Ne5 24. Qd4 Qf8 25. Rcd1 Rxf3 26. Qxd6 Qxd6 27. Rxd6 Rc3 28. Nb4 a5 29. Rxe6 axb4 30. R6xe5 Rc2 31. Re8+ Rxe8 32. Rxe8+ Kf7 33. Rb8 Rxa2 34. Rxb7+ Kf6 35. Rxb4 Ke5 36. h3 g5 37. Kh2 h5 38. Rb8 Rc2 39. Rb5+ Kf4 40. c5 g4 41. hxg4 hxg4 42. Rb4+ Kg5 43. Rc4 Rd2 44. c6 Rd8 45. c7 Rc8 46. b4 1-0

[Event "Olympiad Women 2024"]
[Site "Budapest HUN"]
[Date "2024.09.11"]
[Round "1.9"]
[Board "1"]
[White "Wagner, Dinara"]
[Black "Henderson de La Fuente, Andrea"]
[Result "1-0"]
[WhiteElo "2452"]
[BlackElo "1986"]
[PlyCount "77"]
[EventDate "2024.09.11"]
[WhiteTeam "Germany"]
[BlackTeam "Andorra"]
[WhiteTeamCountry "GER"]
[BlackTeamCountry "AND"]

1. d4 Nf6 2. c4 d6 3. Nf3 Nbd7 4. Nc3 e5 5. g3 Be7 6. Bg2 c6 7. e4 O-O 8. O-O Re8 9. h3 exd4 ({RR} 9... a5 10. Be3 Bf8 11. Qc2 h6 12. Rfe1 Nh7 13. Rad1 Qc7 14. b3 Ndf6 15. Kh2 g5 16. Na4 g4 17. Nh4 Ng5 18. dxe5 Rxe5 19. Nb6 gxh3 20. Nxa8 Ng4+ 21. Kg1 Qb8 22. Bxg5 hxg5 23. Nf3 hxg2 24. Nb6 {½-½ Grachev,B (2673)-Motylev,A (2686) Moscow-ch blitz 68th 2014 (7)}) 10. Nxd4 Nc5 $146 ({RR} 10... Bf8 11. Qc2 a5 12. Be3 Nc5 13. Rad1 Qc7 14. b3 Bd7 15. Bg5 Be7 16. Bf4 Rad8 17. Rfe1 Bf8 18. Bg5 Be7 19. Re2 Ne6 20. Be3 Bf8 21. Nf5 Nc5 22. g4 Bxf5 23. exf5 Nfd7 24. Rde1 h6 25. h4 {1-0 Baumegger,S (2411)-Denk,A (2293) Niederoesterreich Landesliga 0607 2006 (8)}) ({RR} 10... Bf8 11. Re1 a5 12. b3 Nc5 13. Qc2 h6 14. Be3 Qc7 15. Rad1 Be6 16. f4 Rad8 17. Bf2 Bc8 18. g4 g6 19. Kh1 Bg7 20. Bg3 Qb6 21. Bf2 Qc7 22. Nde2 Bxg4 23. hxg4 Nxg4 24. Bd4 Bxd4 25. Nxd4 {0-1 Gholami Orimi,M (2470)-Diaz Perez,M (2464) Titled Tue 19th Mar Late 2024 (2)}) ({RR} 10... Nb6 11. Qd3 Bf8 12. Rd1 Nfd7 13. b3 Ne5 14. Qf1 Qc7 15. Be3 Nbd7 16. f4 Ng6 17. Qf3 a6 18. Rac1 Nf6 19. Bf2 h5 20. Nc2 Bd7 21. Ne3 Qa5 22. c5 dxc5 23. e5 Nd5 24. Nc4 Qd8 25. Nxd5 {1-0 Ungureanu,E-Urzica,A ROM-ch32 Final 1968 (4)}) 11. Re1 Ne6 12. Be3 Bf8 13. Qd2 g6 14. Rad1 Qc7 15. f4 Nc5 16. Bf2 a5 17. g4 Nfd7 18. Nf3 a4 19. Qc2 Qa5 20. Nd4 Bg7 21. g5 Qb4 22. Bf1 a3 23. b3 Nf8 24. Bg2 Nfe6 25. Nxe6 Nxe6 26. Ne2 h6 27. h4 hxg5 28. hxg5 Rd8 29. Bf3 Bd7 30. Qd2 Qxd2 31. Rxd2 Bf8 32. Red1 Be8 33. Be3 Be7 34. Nc3 Rdc8 35. Kf2 Kf8 36. Kg3 Ra6 37. Rh2 f6 38. Bg4 Bf7 39. Rh8+ 1-0

[Event "Olympiad Women 2024"]
[Site "Budapest HUN"]
[Date "2024.09.11"]
[Round "1.9"]
[Board "2"]
[White "De la Riva Real, Ariadna"]
[Black "Heinemann, Josefine"]
[Result "0-1"]
[WhiteElo "1823"]
[BlackElo "2316"]
[PlyCount "82"]
[EventDate "2024.09.11"]
[WhiteTeam "Andorra"]
[BlackTeam "Germany"]
[WhiteTeamCountry "AND"]
[BlackTeamCountry "GER"]

1. e4 c5 2. Nf3 d6 3. Bb5+ Nd7 4. O-O a6 5. Be2 Ngf6 6. d3 g6 7. c4 b6 8. Nc3 Bb7 9. Re1 Bg7 10. Bf1 O-O 11. d4 cxd4 12. Nxd4 Rc8 13. a4 Nc5 $146 ({RR} 13... e6 14. Bg5 Qc7 15. Rc1 h6 16. Bh4 Qb8 17. f3 Rfe8 18. Bf2 Red8 19. b3 Kh7 20. Rc2 Ne5 21. Rd2 d5 22. exd5 exd5 23. Nxd5 Nxd5 24. cxd5 Rxd5 25. f4 Nd7 26. Bc4 Rh5 27. Bg3 Rf8 28. Re7 {1-0 Anand,V (2754)-Grischuk,A (2732) Levitov Chess Week Rapid 2023 (15.1)}) ({RR} 13... e6 14. f3 Re8 15. Bg5 h6 16. Bh4 Ne5 17. b3 g5 18. Bf2 Nfd7 19. Qc2 h5 20. Rad1 h4 21. h3 Ng6 22. Be3 Be5 23. Qd2 Nf4 24. Nce2 Qf6 25. Nxf4 gxf4 26. Bf2 Kh7 27. a5 bxa5 28. Qxa5 {1-0 Firouzja,A (2744)-Caruana,F (2796) CrunchLab Masters Div 1 W 2024 (1.3)}) 14. f3 Nfd7 15. Be3 Ne5 16. f4 Ned7 17. Bf2 Nf6 18. Qc2 Ng4 19. Rad1 Nxf2 20. Qxf2 Qe8 21. Qc2 Ne6 22. e5 Nxd4 23. Rxd4 Rd8 24. Rd2 dxe5 25. fxe5 Qc6 26. b4 e6 27. Kh1 Qc7 28. Rxd8 Rxd8 29. Qe2 h5 30. Nd1 Bh6 31. Qb2 Rd2 32. Qc3 Qc6 33. Qg3 Qxa4 34. Nc3 Qxb4 35. Rb1 Qa5 36. Ne2 Qc5 37. Nf4 Qxe5 38. Nxh5 Qxg3 39. Nxg3 Be3 40. Rb3 Bc5 41. Rd3 Bxg2+ 0-1

[Event "Olympiad Women 2024"]
[Site "Budapest HUN"]
[Date "2024.09.11"]
[Round "1.9"]
[Board "3"]
[White "Klek, Hanna Marie"]
[Black "Muratet Carmona, Julia"]
[Result "1-0"]
[WhiteElo "2296"]
[BlackElo "1816"]
[PlyCount "109"]
[EventDate "2024.09.11"]
[WhiteTeam "Germany"]
[BlackTeam "Andorra"]
[WhiteTeamCountry "GER"]
[BlackTeamCountry "AND"]

1. e4 d6 2. d4 Nf6 3. Nc3 Nbd7 4. Nf3 e5 5. Bc4 Be7 6. O-O c6 7. a4 Qc7 8. Re1 h6 9. a5 g5 10. d5 Nf8 11. Nd2 ({RR} 11. Bb3 Ng6 12. a6 c5 13. axb7 Bxb7 14. Nd2 Kf8 15. Nc4 a6 16. Ne3 Bc8 17. Bc4 h5 18. g3 h4 19. g4 Nf4 20. f3 Nd7 21. Na4 Nb6 22. Nxb6 Qxb6 23. Ra3 Kg7 24. Bd2 Bd7 25. Qa1 Rhb8 {1-0 Karthik,V (2568)-Sahoo,U (2300) 61st ch-IND 2024 (4.4)}) 11... Ng6 12. Nf1 Nf4 13. Ne3 h5 $146 ({RR} 13... cxd5 14. Bxd5 Be6 15. Bb3 O-O-O 16. g3 Rhg8 17. a6 b6 18. Kh1 Nh3 19. Rf1 Kb8 20. Ncd5 Nxd5 21. Nxd5 Bxd5 22. Qxd5 Rc8 23. Be3 Rg7 24. Ra4 Qc6 25. Qd3 Qd7 26. Bxb6 d5 27. Be3 d4 28. Ra5 {1-0 Bokros,A (2461)-Kantorik,M (2202) Zalakaros Barczay Memorial 2019 (2)}) 14. b3 h4 15. Bf1 g4 16. a6 Rg8 17. axb7 Bxb7 18. dxc6 Bxc6 19. Nf5 Bd7 20. Nb5 Bxb5 21. Bxb5+ Kf8 22. g3 hxg3 23. hxg3 Qc5 24. Bf1 Nh3+ 25. Bxh3 gxh3 26. Be3 Qc7 27. Ra6 Ng4 28. Qd5 Re8 29. Rxa7 Qxc2 30. Ra8 h2+ 31. Kg2 Nxe3+ 32. Nxe3 Qc3 33. Rh1 Rh8 34. Rxe8+ Kxe8 35. Qb5+ Kd8 36. Nd5 Qc8 37. Rxh2 Rxh2+ 38. Kxh2 Bg5 39. Qd3 Qe6 40. Kg2 Qd7 41. b4 Ke8 42. b5 Bd8 43. Qc4 Qb7 44. Qc6+ Qxc6 45. bxc6 Ba5 46. Kf3 Kd8 47. Ke2 Kc8 48. g4 Bd8 49. Kd3 Bh4 50. f3 Bd8 51. Kc4 Kb8 52. Ne3 Be7 53. Kd5 Kc7 54. Nf5 Bf8 55. g5 1-0

[Event "Olympiad Women 2024"]
[Site "Budapest HUN"]
[Date "2024.09.11"]
[Round "1.9"]
[Board "4"]
[White "Muratet Carmona, Alexandra"]
[Black "Schulze, Lara"]
[Result "0-1"]
[WhiteElo "1796"]
[BlackElo "2283"]
[PlyCount "54"]
[EventDate "2024.09.11"]
[WhiteTeam "Andorra"]
[BlackTeam "Germany"]
[WhiteTeamCountry "AND"]
[BlackTeamCountry "GER"]

1. e4 c5 2. Nf3 d6 3. d4 cxd4 4. Nxd4 Nf6 5. Nc3 Nc6 6. Bg5 e6 7. Qd2 a6 8. O-O-O Bd7 9. Kb1 Nxd4 10. Qxd4 Be7 11. f4 ({RR} 11. f3 Qc7 12. Qd2 b5 13. h4 h6 14. Be3 h5 15. Bd3 b4 16. Ne2 a5 17. c3 Qb7 18. Bg5 O-O 19. c4 a4 20. Nf4 Bc6 21. Bxf6 Bxf6 22. Nxh5 Bd4 23. Rh3 Ra5 24. g4 a3 25. b3 Bc3 {0-1 Voicu Jagodzinsky,C (2258)-Schulze,L (2297) GER-ch (Women) 2022 (4)}) 11... Bc6 12. Rg1 $146 ({RR} 12. Bc4 Qc7 13. Rhe1 O-O 14. f5 b5 15. Bb3 b4 16. Bxf6 Bxf6 17. Qxb4 a5 18. Qxd6 Qb7 19. e5 Be7 20. Qd4 exf5 21. e6 Bf6 22. exf7+ Kh8 23. Qc5 a4 24. Be6 Bxg2 25. Bd5 Bxd5 26. Qxd5 Qxf7 {0-1 Dominguez Perez,L (2743)-Bacrot,E (2653) Titled Tue 3rd Jan Early 2023 (7)}) ({RR} 12. f5 Qa5 13. Bc4 exf5 14. Rhf1 fxe4 15. Nxe4 Bxe4 16. Bxf6 Bxf6 17. Qxe4+ Qe5 18. Qxb7 O-O 19. Bxf7+ Kh8 20. Rfe1 Ra7 21. Qb3 Qxb2+ 22. Qxb2 Bxb2 23. Kxb2 Raxf7 24. Rxd6 Rf2 25. Rxa6 Rxg2 26. h3 Rb8+ {½-½ Giri,A (2780)-Abdusattorov,N (2734) WR Chess Masters 2023 (8.5)}) ({RR} 12. f5 h6 13. Bh4 exf5 14. exf5 O-O 15. Be2 Re8 16. Bf3 Qa5 17. Rhf1 d5 18. Rfe1 Bc5 19. Qf4 Rxe1 20. Bxe1 Qb6 21. Na4 Bxa4 22. Qxa4 Bd6 23. Bc3 Qc6 24. Qxc6 bxc6 25. h3 a5 26. a4 Bb4 {1-0 Samusenko,M (2420)-Stribuk,A (2426) Bronstein 100 Minsk Open 2024 (9.2)}) 12... Qa5 13. g4 h6 14. Bh4 g5 15. fxg5 hxg5 16. Be1 Qe5 17. Qxe5 dxe5 18. Bd3 Bc5 19. Rg2 Be3 20. Bd2 Bf4 21. Rf1 Rd8 22. Bc1 Rh4 23. Rgf2 Nxg4 24. Re2 Ke7 25. Nd1 Nxh2 26. Rff2 Ng4 27. Rg2 Rh1 0-1